Statistics for Higher... or Lower? Population

Click here to take the quiz!

General Stats

  • This quiz has been taken 23 times
  • The average score is 20 of 36

Answer Stats

QuestionTileSelect% Correct
Countries that have a higher population than NigerMontenegroNo
100%
Countries that have a higher population than NigerJapanYes
94%
Countries that have a higher population than NigerPhilippinesYes
88%
Countries that have a higher population than NigerNigeriaYes
81%
Countries that have a higher population than NigerSri LankaNo
81%
Countries that have a higher population than NigerPolandYes
75%
Countries that have a higher population than TongaChinaYes
69%
Countries that have a lower population than CanadaAustraliaYes
63%
US States with a lower population than KansasFloridaNo
63%
Countries that have a lower population than CanadaIndonesiaNo
63%
US States with a lower population than KansasMaineYes
63%
US States with a lower population than KansasNew YorkNo
63%
US States with a lower population than KansasOhioNo
63%
Countries that have a lower population than CanadaSouth AfricaNo
63%
Countries that have a higher population than NigerTaiwanNo
63%
US States with a lower population than KansasAlabamaNo
56%
Countries that have a higher population than TongaPalauNo
56%
Countries that have a higher population than TongaSan MarinoNo
56%
Countries that have a lower population than CanadaUSANo
56%
US States with a lower population than KansasVermontYes
56%
Countries that have a higher population than TongaAndorraNo
50%
Countries that have a higher population than TongaBelizeYes
50%
Countries that have a higher population than NigerChileNo
50%
Countries that have a lower population than CanadaGreeceYes
50%
Countries that have a lower population than CanadaAfghanistanNo
44%
Countries that have a lower population than CanadaMoroccoYes
44%
Countries that have a lower population than CanadaTogoYes
44%
Countries that have a higher population than TongaSolomon IslandsYes
38%
US States with a lower population than KansasAlaskaYes
31%
Countries that have a higher population than TongaGrenadaYes
31%
US States with a lower population than KansasIowaNo
31%
US States with a lower population than KansasNebraskaYes
31%
Countries that have a lower population than CanadaSaudi ArabiaYes
31%
Countries that have a higher population than TongaDominicaNo
25%
Countries that have a higher population than NigerMozambiqueYes
25%
Countries that have a higher population than TongaKiribatiYes
6%

Score Distribution

Percentile by Number Answered

Percent of People with Each Score

Your Score History

You have not taken this quiz